5HLuxD.jpg

KING HENRY VIII SENIOR AND PRIMARY SCHOOL LIBRARY OPAC

The last Olympian / (Record no. 572)

000 -LEADER
fixed length control field 01317cam a2200337 a 4500
001 - CONTROL NUMBER
control field 16069653
003 - CONTROL NUMBER IDENTIFIER
control field OSt
005 - DATE AND TIME OF LATEST TRANSACTION
control field 20190828151355.0
008 - FIXED-LENGTH DATA ELEMENTS--GENERAL INFORMATION
fixed length control field 100126s2009 nyu c 000 1 eng
010 ## - LIBRARY OF CONGRESS CONTROL NUMBER
LC control number 2010285189
020 ## - INTERNATIONAL STANDARD BOOK NUMBER
International Standard Book Number 9781484789759
020 ## - INTERNATIONAL STANDARD BOOK NUMBER
International Standard Book Number 9781484756881
Qualifying information Box set
040 ## - CATALOGING SOURCE
Original cataloging agency DLC
Transcribing agency DLC
042 ## - AUTHENTICATION CODE
Authentication code lcac
082 00 - DEWEY DECIMAL CLASSIFICATION NUMBER
Classification number FIC RIO
Edition number 22
100 1# - MAIN ENTRY--PERSONAL NAME
Personal name Riordan, Rick.
Relator term author
245 14 - TITLE STATEMENT
Title The last Olympian /
Statement of responsibility, etc. Rick Riordan.
250 ## - EDITION STATEMENT
Edition statement 1st ed.
260 ## - PUBLICATION, DISTRIBUTION, ETC.
Place of publication, distribution, etc. New York :
Name of publisher, distributor, etc. Disney Hyperion Books,
Date of publication, distribution, etc. c2009.
300 ## - PHYSICAL DESCRIPTION
Extent 381 p. ;
Dimensions 22 cm.
490 0# - SERIES STATEMENT
Series statement Percy Jackson and the Olympians ;
Volume/sequential designation bk. 5
520 ## - SUMMARY, ETC.
Summary, etc. The long-awaited prophecy surrounding Percy Jackson's sixteenth birthday unfolds as he leads an army of young demigods to stop Kronos in his advance on New York City, while the Olympians struggle to contain the rampaging monster, Typhon.
650 #1 - SUBJECT ADDED ENTRY--TOPICAL TERM
Topical term or geographic name entry element Mythology, Greek
Form subdivision Fiction.
650 #1 - SUBJECT ADDED ENTRY--TOPICAL TERM
Topical term or geographic name entry element Fate and fatalism
Form subdivision Fiction.
650 #1 - SUBJECT ADDED ENTRY--TOPICAL TERM
Topical term or geographic name entry element Monsters
Form subdivision Fiction.
650 #1 - SUBJECT ADDED ENTRY--TOPICAL TERM
Topical term or geographic name entry element Animals, Mythical
Form subdivision Fiction.
650 #1 - SUBJECT ADDED ENTRY--TOPICAL TERM
Topical term or geographic name entry element Titans (Mythology)
Form subdivision Fiction.
906 ## - LOCAL DATA ELEMENT F, LDF (RLIN)
a 7
b cbc
c orignew
d 2
e ncip
f 20
g y-gencatlg
942 ## - ADDED ENTRY ELEMENTS (KOHA)
Source of classification or shelving scheme
Koha item type Books - Fiction
Holdings
Withdrawn status Lost status Source of classification or shelving scheme Damaged status Not for loan Collection code Permanent Location Current Location Shelving location Date acquired Total Checkouts Full call number Barcode Date last seen Date last checked out Price effective from Koha item type
          Fiction KH8 Senior School Library KH8 Senior School Library Fiction 2019-08-28 4 FIC RIO 3KHSL000101285 2024-07-22 2021-03-22 2019-08-28 Books - Fiction

Powered By KH8 IT Dept